Čo s nami robí Facebook
Systematická práca politickej strany Ľudová strana - Naše Slovensko na Facebooku sa vypláca. Kto dokáže ovládať sociálnu sieť a vie odhadnúť náladu spoločnosti, má reálnu šancu osloviť masy. Čoraz viac sa upramuje pozornosť na odvrátenú stranu tejto technológie. Nástroj na búranie totality sa stáva...
Saved in:
| Main Author: | |
|---|---|
| Other Authors: | |
| Format: | Book Chapter |
| Language: | Slovak |
| Subjects: | |
| Tags: |
No Tags, Be the first to tag this record!
|
MARC
| LEADER | 00000naa a2200000 4500 | ||
|---|---|---|---|
| 001 | 0220599 | ||
| 005 | 20231113105255.8 | ||
| 041 | 0 | |a slo | |
| 044 | |a SK | ||
| 245 | 1 | 0 | |a Čo s nami robí Facebook |c Filip Obradovič, Patrik Garaj |
| 520 | |a Systematická práca politickej strany Ľudová strana - Naše Slovensko na Facebooku sa vypláca. Kto dokáže ovládať sociálnu sieť a vie odhadnúť náladu spoločnosti, má reálnu šancu osloviť masy. Čoraz viac sa upramuje pozornosť na odvrátenú stranu tejto technológie. Nástroj na búranie totality sa stáva hrozbou proti demokratickej a liberálnej spoločnosti. Facebook sa stáva klietkou, ktorá betónuje vlastný svetonázor s malou pravdepodobnosťou na zmenu. Čo hovoria psychológovia o sociálnej sieti. | ||
| 610 | 2 | 0 | |a siete sociálne |
| 610 | 2 | 0 | |a internet |
| 610 | 2 | 0 | |a spoločnosť |
| 610 | 2 | 0 | |a komunikácia elektronická |
| 610 | 2 | 0 | |a strany politické |
| 610 | 2 | 0 | |a prezidenti |
| 610 | 2 | 0 | |a mládež |
| 610 | 2 | 0 | |a psychológia |
| 100 | 1 | |a Obradovič, Filip | |
| 700 | 1 | |a Garaj, Patrik | |